| 000 | 00718nam a2200217 a 4500 | ||
|---|---|---|---|
| 001 | 39008 | ||
| 003 | BD-RjUL | ||
| 005 | 20211209052910.0 | ||
| 008 | 160402s1967 bg ||||| |||| 00| 0 ben d | ||
| 035 | _a(BD-RjUL)39119 | ||
| 040 |
_aBD-RjUL _beng _cBD-RjUL |
||
| 041 | _aben | ||
| 082 |
_223 _a891.444 _bUMS 1967 |
||
| 100 |
_aউমর, বদরুদ্দীন _9116667 |
||
| 245 | 1 | 0 |
_aসংস্কৃতির সংকট / _cবদরুদ্দীন উমর |
| 260 |
_aঢাকা : _bগ্রন্থনা, _c১৯৬৭ |
||
| 300 |
_a১১৫ পৃ. ; _c২২ সেমি. |
||
| 650 |
_aবাংলা প্রবন্ধ _9120431 |
||
| 650 |
_aBengali Essays _9120432 |
||
| 942 |
_2ddc _cBK |
||
| 999 |
_c39008 _d39008 |
||